Normal view
MARC view
Entry Personal Name
001 - CONTROL NUMBER
- control field: 3297
003 - CONTROL NUMBER IDENTIFIER
- control field: AM-YEHGA
005 - DATE AND TIME OF LATEST TRANSACTION
- control field: 20250617070443.0
008 - FIXED-LENGTH DATA ELEMENTS
- fixed length control field: 070126 a|ac|n|aab||||||||||||a |n|||||||
040 ## - CATALOGING SOURCE
- Original cataloging agency: AM-YEHGA
100 1# - HEADING--PERSONAL NAME
- Personal name: Իշխանյան, Սերգեյ Սեմյոնի,
- Dates associated with a name: 1923-1993
400 1# - SEE FROM TRACING--PERSONAL NAME
- Personal name: Իշխանյան, Սերգեյ Սիմոնի,
- Dates associated with a name: 1923-1993
400 1# - SEE FROM TRACING--PERSONAL NAME
- Personal name: Իշխանյան, Սերգեյ,
- Dates associated with a name: 1923-1993
400 1# - SEE FROM TRACING--PERSONAL NAME
- Personal name: Ишханян, Сергей Семенович,
- Dates associated with a name: 1923-1993
400 1# - SEE FROM TRACING--PERSONAL NAME
- Personal name: Ishkhanyan, Sergey Simoni,
- Dates associated with a name: 1923-1993
670 ## - SOURCE DATA FOUND
- Source citation: Ս. Իշխանյան, Հունական դիցաբանության տեղեկատու բառարան, 2006 :
- Information found: Իշխանյան Սերգեյ Սեմյոնի (1923, ք. Թբիլիսի - 1993, Կիրովական), գրականագետ, արվեստաբան:
670 ## - SOURCE DATA FOUND
- Source citation: Հունական դիցաբանության տեղեկատու բառարան, 2006 :
- Information found: տիտղթ. (Սերգեյ Սեմյոնի Իշխանյան)
670 ## - SOURCE DATA FOUND
- Source citation: Թևավոր խոսքեր : [Ասույթներ], 1975 :
- Information found: տիտղթ. (Սերգեյ Սիմոնի Իշխանյան)
670 ## - SOURCE DATA FOUND
- Source citation: Հարցեր արվեստասեր դպրոցականին, 1980 :
- Information found: տիտղթ. (Սերգեյ Իշխանյան)
ՀՀ Գիտությունների ազգային ակադեմիայի հիմնարար գիտական գրադարան = Fundamental Scientific Library of NAS RA
All site content, except where otherwise noted, is licensed under a